Radiografía de martínez estrada /
Guardado en:
| Autor Principal: | |
|---|---|
| Formato: | Libro |
| Publicado: |
Buenos Aires :
Centro Editor de América Latina
|
| Series: | La historia popular. Vida y milagros de nuestro pueblo; No. 7
|
| Materias: | |
| Etiquetas: |
Agregar Etiqueta
Sin Etiquetas, Sea el primero en etiquetar este registro!
|
| LEADER | 00595nam a22001815a 4500 | ||
|---|---|---|---|
| 001 | CEM.cems012625 | ||
| 005 | 20070823181453.0 | ||
| 008 | 130507b######################000#0#####d | ||
| 003 | CEMS | ||
| 082 | 0 | 4 | |a 923 |
| 100 | 1 | |a Orgambide, Pedro | |
| 245 | 1 | 0 | |a Radiografía de martínez estrada / |c Pedro Orgambide |
| 260 | |a Buenos Aires : |b Centro Editor de América Latina | ||
| 300 | |a 116 p. | ||
| 490 | 0 | |a La historia popular. Vida y milagros de nuestro pueblo; No. 7 | |
| 653 | |a Biografias | ||
| 653 | |a Martínez estrada, ezequiel-biografía | ||
| 859 | |a CEMS |b BIB. CEMS - 11 de abril |h 923 |i M366 |p 23950.07 |t Ej.1 | ||
